<?xml version="1.0" encoding="UTF-8"?>
<record
    xmlns:xsi="http://www.w3.org/2001/XMLSchema-instance"
    xsi:schemaLocation="http://www.loc.gov/MARC21/slim http://www.loc.gov/standards/marcxml/schema/MARC21slim.xsd"
    xmlns="http://www.loc.gov/MARC21/slim">

  <leader>     cam a22     7a 4500</leader>
  <datafield tag="999" ind1=" " ind2=" ">
    <subfield code="c">7156</subfield>
    <subfield code="d">7156</subfield>
  </datafield>
  <controlfield tag="003">OSt</controlfield>
  <controlfield tag="005">20180903155131.0</controlfield>
  <controlfield tag="008">180903e201805  sp       b    000 0 cat d</controlfield>
  <datafield tag="010" ind1=" " ind2=" ">
    <subfield code="a">  2015381311</subfield>
  </datafield>
  <datafield tag="020" ind1=" " ind2=" ">
    <subfield code="a">9788416743698</subfield>
  </datafield>
  <datafield tag="040" ind1=" " ind2=" ">
    <subfield code="a">DLC</subfield>
    <subfield code="b">cat</subfield>
    <subfield code="c">CDMR</subfield>
  </datafield>
  <datafield tag="100" ind1="1" ind2=" ">
    <subfield code="a">Pedrolo, Manuel de</subfield>
    <subfield code="d">1918-1990.</subfield>
    <subfield code="9">2063</subfield>
  </datafield>
  <datafield tag="245" ind1="1" ind2="0">
    <subfield code="a">Manual de Pedrolo </subfield>
    <subfield code="c">/ Manuel de Pedrolo ; antologia a cura d'Aina Torres.</subfield>
  </datafield>
  <datafield tag="260" ind1=" " ind2=" ">
    <subfield code="a">[Barcelona :</subfield>
    <subfield code="b">Amsterdam],</subfield>
    <subfield code="c">2018</subfield>
  </datafield>
  <datafield tag="300" ind1=" " ind2=" ">
    <subfield code="a">172 p. ;</subfield>
    <subfield code="c">22 cm</subfield>
  </datafield>
  <datafield tag="500" ind1=" " ind2=" ">
    <subfield code="a">Antologia d'obra publicada</subfield>
  </datafield>
  <datafield tag="504" ind1=" " ind2=" ">
    <subfield code="a">Inclou refer&#xE8;ncies bibliogr&#xE0;fiques</subfield>
  </datafield>
  <datafield tag="700" ind1="1" ind2=" ">
    <subfield code="a">Torres Rexach, Aina,</subfield>
    <subfield code="d">1984-</subfield>
  </datafield>
  <datafield tag="942" ind1=" " ind2=" ">
    <subfield code="c">MON</subfield>
  </datafield>
  <datafield tag="952" ind1=" " ind2=" ">
    <subfield code="0">0</subfield>
    <subfield code="1">0</subfield>
    <subfield code="4">0</subfield>
    <subfield code="7">0</subfield>
    <subfield code="a">CDMR</subfield>
    <subfield code="b">CDMR</subfield>
    <subfield code="d">2018-09-03</subfield>
    <subfield code="e">Intercanvi</subfield>
    <subfield code="g">11.50</subfield>
    <subfield code="l">1</subfield>
    <subfield code="m">1</subfield>
    <subfield code="o">Du 6/102</subfield>
    <subfield code="p">CDMR18090001</subfield>
    <subfield code="r">2018-11-06</subfield>
    <subfield code="s">2018-09-18</subfield>
    <subfield code="v">11.50</subfield>
    <subfield code="w">2018-09-03</subfield>
    <subfield code="y">MON</subfield>
  </datafield>
</record>
